| 000 | 02205cam a2200421 a 4500 | ||
|---|---|---|---|
| 001 | 15293502 | ||
| 005 | 20100205080447.0 | ||
| 008 | 080508s2008 nju b 001 0 eng | ||
| 010 | _a 2008019455 | ||
| 015 |
_aGBA8B4412 _2bnb |
||
| 016 | 7 |
_a014765714 _2Uk |
|
| 020 | _a0691136653 (hardcover : alk. paper) | ||
| 020 | _a0691136653 (hardcover : alk. paper) | ||
| 035 | _a(OCoLC)ocn228427187 | ||
| 040 |
_aDLC _cDLC _dYDXCP _dBAKER _dBTCTA _dUKM _dC#P _dBWX _dCDX _dXMA _dOCLCQ _dDLC |
||
| 043 | _af-ua--- | ||
| 050 | 0 | 0 |
_aJQ3881 _b.R87 2008 |
| 082 | 0 | 0 |
_a320.962 _222 _bRUT |
| 100 | 1 |
_aRutherford, Bruce K. _923719 |
|
| 245 | 1 | 0 |
_aEgypt after Mubarak : _bLiberalism, Islam, and Democracy in the Arab World / _cBruce K. Rutherford. |
| 260 |
_aPrinceton : _bPrinceton University Press, 2008 _cc2008. |
||
| 300 |
_ax, 292 p. ; _c25 cm. |
||
| 490 | 1 |
_aPrinceton studies in Muslim politics _923720 |
|
| 504 | _aIncludes bibliographical references (p. [261]-278) and index. | ||
| 505 | 0 | _a1. Hybrid regimes and Arab democracy -- 2. Liberal constitutionalism : preserving and adapting Egypt's liberal tradition -- 3. Islamic constitutionalism : the political goals of moderate Islam -- 4. The decline of statism and the convergence of political alternatives -- 5. Economic restructuring and the rise of market liberalism -- 6. Liberalism, Islam, and Egypt's political future. | |
| 610 | 2 | 0 |
_aJamiyat al-Ikhwan al-Muslimin (Egypt) _xPolitical activity. _923721 |
| 650 | 0 |
_aIslam and politics _zEgypt _xForecasting. _923722 |
|
| 650 | 0 |
_aDemocracy _zEgypt. _923723 |
|
| 650 | 0 |
_aLiberalism _zEgypt. _923724 |
|
| 650 | 0 |
_aLawyers _xPolitical activity _zEgypt. _923725 |
|
| 651 | 0 |
_aEgypt _xPolitics and government _y21st century _xForecasting. _923726 |
|
| 651 | 0 |
_aEgypt _xEconomic policy. _923727 |
|
| 653 |
_bPol _cMay2011 |
||
| 830 | 0 |
_aPrinceton studies in Muslim politics. _923728 |
|
| 942 |
_2ddc _cBB |
||
| 999 |
_c15260 _d15260 |
||